000 00808nas a2200289 4500
001 BR0701608
003 BR-BrBNA
005 20231205110651.0
007 ta
008 230509b bl.|||p| |||| 00| 00por d
040 _aBR-BrBNA
_bpor
_cBiblioteca Nacional de Agricultura
041 _a(Pt)
072 _aL01
100 1 _aLopes, B.C.
100 1 _aFerreira, M.B.D.
100 1 _aAndrade, V.J.A.
100 1 _aMachado, L.H.
100 1 _aBizinoto, A.L.
245 1 _aProdução de leite e primeiro estro pós-parto de primíparas zebuínas
650 _aBOVINO
650 _aLEITE
650 _aPARTO
650 _aLACTAÇÃO
773 0 _tFAZU em Revista (Brazil)
_xISSN 1806-1699
_g(2006), (no. 3) p. 80-85
_wBR0701608
909 _a202311
_bLúcia
_c55
_dLúcia Elande
942 _2AGRIS
_n0
_cANA
999 _c188443
_d188443